Largest Towns in Västerbotten - Statistics

General Stats
  • This quiz has been taken 28 times
  • The average score is 9 of 20
Answer Stats
Population Town % Correct
91,916 Umeå
100%
36,388 Skellefteå
91%
3,356 Vilhelmina
73%
8,660 Lycksele
64%
2,656 Nordmaling
55%
2,135 Storuman
55%
4,567 Vännäs
55%
2,502 Vindeln
55%
2,010 Robertsfors
50%
6,046 Holmsund
45%
2,524 Bureå
36%
2,036 Norsjö
36%
3,213 Skelleftehamn
36%
1,995 Malå
32%
3,050 Sävar
32%
2,186 Obbola
27%
2,607 Hörnefors
18%
2,271 Kåge
18%
3,844 Ursviken
14%
2,545 Röbäck
5%
No matching quizzes found
Score Distribution
Percent of People with Each Score
Percentile by Number Answered
Your Score History
You have not taken this quiz